=LDR 00000nam 2200000 4500 =001 INLIS000000000039301 =990 ##$$a 0001/BPAP-NTB/20142014 =005 20140930120625.0 =990 ##$$a 21400613/BPAP-NTB/20142014 =006 =990 ##$$a 0001/BPAP-NTB/20142014 =007 =008 Ind =035 ##$$a 0010-061300000039301 =041 ##$$a Ind =082 ##$$a 813 =090 ##$$a 813, Gud n =100 ##$$a Gudenkaui,Heather =245 ##$$a Nada-nada Sunyi, Heatrher Gudenkeu =260 ##$$a 2011 $b Jakarta =300 ##$$a 386 hlm., 21cm =650 ##$$a Sastra Indonesia =850 ##$$a NBPNMAT =990 ##$$a 21400613/BPAP-NTB/20142014 =990 ##$$a 0001/BPAP-NTB/20142014